Ritual de la iniciación cristiana de adultos: reformado según los decretos del Concilio Vaticano II, promulgado por mandato de Su Santidad Pablo VI, aprobado por la Conferencia del Episcopado Mexicano y confirmado por la Sagrada Congregación para los Sacramentos y el Culto Divino
Αποθηκεύτηκε σε:
| Συγγραφή απο Οργανισμό/Αρχή: | |
|---|---|
| Μορφή: | Βιβλίο |
| Γλώσσα: | Ισπανικά |
| Έκδοση: |
Ciudad de México
Conferencia del Episcopado Mexicano
2000
|
| Έκδοση: | 3a. ed |
| Θέματα: | |
| Ετικέτες: |
Προσθήκη ετικέτας
Δεν υπάρχουν, Καταχωρήστε ετικέτα πρώτοι!
|
MARC
| LEADER | 00000cam a2200000 a 4500 | ||
|---|---|---|---|
| 001 | UCC6371 | ||
| 003 | CL-VaPUC | ||
| 008 | 181207e20000000mx |||||||||||||||||spa|d | ||
| 020 | |a 9687693096 | ||
| 082 | 0 | 4 | |a 265.13 |b CON |2 21 |
| 110 | 2 | |a Conferencia del Episcopado Mexicano |e author |9 600797 | |
| 245 | 1 | 0 | |a Ritual de la iniciación cristiana de adultos: reformado según los decretos del Concilio Vaticano II, promulgado por mandato de Su Santidad Pablo VI, aprobado por la Conferencia del Episcopado Mexicano y confirmado por la Sagrada Congregación para los Sacramentos y el Culto Divino |
| 250 | |a 3a. ed | ||
| 300 | |a 345 p | ||
| 942 | |c BK | ||
| 945 | |d 20181207 13:37:00 |a dcastane | ||
| 260 | |a Ciudad de México |b Conferencia del Episcopado Mexicano |c 2000 | ||
| 650 | 0 | |a Bautismo |9 314393 | |
| 650 | 0 | |a Sacramentos |9 257270 | |
| 650 | 0 | |a Catequesis |9 314526 | |
| 650 | 7 | |a PASTORAL |2 CL-VaPUC |9 397996 | |
| 583 | |a last modification |c 20181207 13:37:00 |k Rodrigo Vera | ||
| 999 | |c 373320 |d 373318 | ||
| 952 | |0 0 |1 0 |3 erd |4 0 |6 265_130000000000000_CON_2000 |7 0 |8 X |9 491390 |a BIBTEO |b BIBTEO |e Precht Pizarro, Jorge Enrique |i 552105K |l 2 |o 265.13 CON 2000 |p 552105K |r 2025-01-17 |s 2023-08-24 |w 2019-11-24 |y BK_X |z Catalogado en:20181207 |k ICR | ||